[Event "Barcelona La Lira op 14th"]
[Site "Barcelona"]
[Date "2023.05.18"]
[Round "5"]
[White "Lozano Ruiz, David"]
[Black "Creixans Comerma, Pol"]
[Result "1-0"]
[WhiteElo "1840"]
[BlackElo "2008"]
[PlyCount "109"]
[EventDate "2023.04.20"]
[EventType "swiss"]
[EventRounds "9"]
[EventCountry "ESP"]
[SourceTitle "EXT 2024"]
[Source "ChessBase"]
[SourceDate "2023.10.10"]
[SourceVersion "1"]
[SourceVersionDate "2023.10.10"]
[SourceQuality "1"]

1. d4 Nf6 2. c4 c5 3. d5 b5 4. cxb5 a6 5. bxa6 g6 6. Nc3 Bxa6 7. e4 Bxf1 8. Kxf1 d6 9. g3 Bg7 10. Kg2 0-0 11. Nf3 Nbd7 12. a4 Ng4 13. Qe2 Qb8 14. Bd2 Qb3 15. Rhb1 Nge5 16. Ra3 Qb4 17. Ne1 Rfb8 18. Nc2 Qc4 19. Ne3 Qxe2 20. Nxe2 Nb6 21. b3 Nbc4 22. Nxc4 Nxc4 23. Ra2 Nxd2 24. Rxd2 Rxa4 25. bxa4 Rxb1 26. Ra2 Kf8 27. a5 Ke8 28. a6 Rb8 29. Nc1 Kd7 30. Nb3 Ra8 31. Nd2 Kc7 32. Nc4 Kb8 33. f4 Ka7 34. e5 e6 35. Nxd6 exd5 36. Rd2 d4 37. Ra2 Kb6 38. Nc4+ Kc6 39. Kf3 f5 40. Ke2 Bf8 41. Kd3 Be7 42. h3 Bd8 43. g4 Bc7 44. gxf5 gxf5 45. Nd2 Kb5 46. a7 Bb6 47. Nc4 Bxa7 48. Nd6+ Kb6 49. Nxf5 Rf8 50. Ne7 Bb8 51. Nd5+ Kc6 52. Kc4 d3 53. Ra6+ Kb7 54. Rb6+ Ka7 55. Rb2 1-0

[Event "Barcelona Sant Marti op-B 22nd"]
[Site "Barcelona"]
[Date "2022.07.16"]
[Round "4"]
[White "Pascual Gonzalez, Novelles David"]
[Black "Lozano Ruiz, David"]
[Result "0-1"]
[WhiteElo "1554"]
[BlackElo "1807"]
[PlyCount "50"]
[EventDate "2022.07.13"]
[EventType "swiss"]
[EventRounds "9"]
[EventCountry "ESP"]
[SourceTitle "CBM 210 Extra"]
[Source "ChessBase"]
[SourceDate "2022.11.30"]
[SourceVersion "1"]
[SourceVersionDate "2022.11.30"]
[SourceQuality "1"]

1. e4 e6 2. d4 d5 3. exd5 exd5 4. Nf3 Bd6 5. Nc3 Ne7 6. Bd3 Nbc6 7. 0-0 Bg4 8. Be2 Qd7 9. Ng5 Bxe2 10. Nxe2 f6 11. Nf3 0-0-0 12. Bf4 g5 13. Bxd6 Qxd6 14. h3 h5 15. Nh2 Nf5 16. Qd3 Qd7 17. c3 Nh4 18. f4 g4 19. f5 Rdg8 20. Rf2 Rg5 21. hxg4 hxg4 22. Ng3 Qh7 23. Nhf1 Ne7 24. Ne3 Nf3+ 25. gxf3 gxf3 0-1

[Event "Ship Zenith op 8th"]
[Site "Ship Zenith"]
[Date "2019.11.14"]
[Round "7.4"]
[White "Burset Camps, Guillem"]
[Black "Lozano Ruiz, David"]
[Result "0-1"]
[WhiteElo "1579"]
[BlackElo "1799"]
[PlyCount "34"]
[EventDate "2019.11.09"]
[EventType "swiss"]
[EventRounds "8"]
[EventCountry "ESP"]
[SourceTitle "EXT 2024"]
[Source "ChessBase"]
[SourceDate "2023.10.10"]
[SourceVersion "1"]
[SourceVersionDate "2023.10.10"]
[SourceQuality "1"]

1. d4 d5 2. c4 c6 3. cxd5 cxd5 4. Nf3 Nf6 5. Bf4 Nc6 6. Nc3 Bf5 7. e3 e6 8. Bd3 Bxd3 9. Qxd3 Be7 10. h3 0-0 11. 0-0 Rc8 12. a3 Na5 13. Ne5 Nd7 14. e4 Nxe5 15. Bxe5 dxe4 16. Nxe4 Nc4 17. b3 Nxe5 0-1

[Event "Ship Zenith op 8th"]
[Site "Ship Zenith"]
[Date "2019.11.13"]
[Round "5.4"]
[White "Lozano Ruiz, David"]
[Black "Orti Boix, Miguel"]
[Result "1-0"]
[WhiteElo "1799"]
[BlackElo "1665"]
[PlyCount "101"]
[EventDate "2019.11.09"]
[EventType "swiss"]
[EventRounds "8"]
[EventCountry "ESP"]
[SourceTitle "EXT 2024"]
[Source "ChessBase"]
[SourceDate "2023.10.10"]
[SourceVersion "1"]
[SourceVersionDate "2023.10.10"]
[SourceQuality "1"]

1. d4 Nf6 2. c4 g6 3. Nc3 d5 4. Nf3 Bg7 5. Qb3 dxc4 6. Qxc4 0-0 7. e4 c6 8. Be2 Nbd7 9. e5 Nb6 10. exf6 Nxc4 11. fxg7 Kxg7 12. Bxc4 Bg4 13. Be3 f5 14. d5 f4 15. Bd4+ Kh6 16. Ne5 Bd7 17. d6 exd6 18. Nxd7 Qxd7 19. 0-0-0 b5 20. Bb3 a5 21. Bc5 Qf5 22. Bxd6 Rfe8 23. Bc2 Qf7 24. Kb1 b4 25. Ne4 Rad8 26. Rhe1 g5 27. g3 fxg3 28. hxg3 Kg7 29. Nxg5 Rxe1 30. Nxf7 Rxd1+ 31. Bxd1 Kxf7 32. Bb3+ Kg6 33. Bc5 Ra8 34. Ba4 Ra6 35. Kc1 h5 36. Bc2+ Kg5 37. Be3+ Kf6 38. Kd2 Ra8 39. Kd3 Ke6 40. Kc4 Kd6 41. Bf4+ Ke6 42. Kc5 Rh8 43. Bb3+ Kd7 44. Ba4 h4 45. Bxc6+ Kc8 46. gxh4 Rxh4 47. Be5 Rh5 48. f4 Rh7 49. Kb5 Rh6 50. Be4 Kd7 51. Bf5+ 1-0

[Event "Sant Adria de Besos op-B 3rd"]
[Site "Sant Adria de Besos"]
[Date "2019.08.17"]
[Round "4"]
[White "Madrid Sole, Antonio"]
[Black "Lozano Ruiz, David"]
[Result "1-0"]
[WhiteElo "1783"]
[BlackElo "1815"]
[PlyCount "81"]
[EventDate "2019.08.14"]
[EventType "swiss"]
[EventRounds "9"]
[EventCountry "ESP"]
[SourceTitle "EXT 2020"]
[Source "ChessBase"]
[SourceDate "2019.10.17"]
[SourceVersion "1"]
[SourceVersionDate "2019.10.17"]
[SourceQuality "1"]

1. d4 c5 2. e3 d5 3. Nf3 Nc6 4. c3 Bf5 5. Bb5 Qb6 6. a4 a6 7. dxc5 Qxc5 8. b4 Qd6 9. Be2 e5 10. Ba3 Qe6 11. 0-0 Nf6 12. b5 Bxa3 13. Nxa3 Na5 14. Ng5 Qc8 15. c4 dxc4 16. Qd6 Qb8 17. Qb4 axb5 18. Nxb5 Bd3 19. Bxd3 cxd3 20. Nd6+ Kd7 21. Ngxf7 Nc6 22. Qh4 Rf8 23. Rab1 Ra7 24. Qc4 g6 25. Nb5 Rxa4 26. Qxd3+ Ke7 27. Nfd6 Rd8 28. Qb3 Rxd6 29. Qxa4 Rd7 30. Rfd1 Nd5 31. Qh4+ Kf8 32. e4 Nb6 33. Rxd7 Nxd7 34. Qxh7 Ne7 35. Qh6+ Kf7 36. Rd1 Kf6 37. Rxd7 Qc8 38. Rd6+ Kf7 39. Qh7+ Kf8 40. Rf6+ Ke8 41. Nd6+ 1-0

[Event "Sant Adria de Besos op-B 3rd"]
[Site "Sant Adria de Besos"]
[Date "2019.08.15"]
[Round "2"]
[White "Lozano Ruiz, David"]
[Black "Sanchez Paz, Josep"]
[Result "1-0"]
[WhiteElo "1815"]
[BlackElo "1623"]
[PlyCount "47"]
[EventDate "2019.08.14"]
[EventType "swiss"]
[EventRounds "9"]
[EventCountry "ESP"]
[SourceTitle "EXT 2020"]
[Source "ChessBase"]
[SourceDate "2019.10.17"]
[SourceVersion "1"]
[SourceVersionDate "2019.10.17"]
[SourceQuality "1"]

1. d4 d5 2. c4 e6 3. Nc3 Nf6 4. cxd5 exd5 5. Bg5 Be7 6. e3 c6 7. Qc2 Be6 8. Bd3 h6 9. Bh4 Nbd7 10. Nge2 0-0 11. f3 Rc8 12. Bf2 c5 13. Nf4 cxd4 14. exd4 a6 15. 0-0 Bd6 16. Nxe6 fxe6 17. Rfe1 e5 18. Qb3 exd4 19. Nxd5 Nc5 20. Ne7+ Kh8 21. Ng6+ Kh7 22. Nxf8+ Kh8 23. Ng6+ Kh7 24. Ne5+ 1-0

[Event "Catalunya-ch"]
[Site "Vila Seca"]
[Date "2019.04.18"]
[Round "1"]
[White "Hernando Rodrigo, Julio Antonio"]
[Black "Lozano Ruiz, David"]
[Result "1-0"]
[WhiteElo "2308"]
[BlackElo "1898"]
[PlyCount "70"]
[EventDate "2019.04.18"]
[EventType "swiss"]
[EventRounds "8"]
[EventCountry "ESP"]
[SourceTitle "EXT 2020"]
[Source "ChessBase"]
[SourceDate "2019.10.17"]
[SourceVersion "1"]
[SourceVersionDate "2019.10.17"]
[SourceQuality "1"]

1. d4 d5 2. Nf3 Nf6 3. c4 c6 4. e3 Bf5 5. Nc3 e6 6. Bd3 Bxd3 7. Qxd3 Nbd7 8. 0-0 Bb4 9. Bd2 a5 10. a3 Be7 11. Rad1 0-0 12. e4 dxe4 13. Nxe4 Nxe4 14. Qxe4 a4 15. Rfe1 Qb6 16. Qc2 Rfc8 17. Bf4 Qa6 18. Qe2 Re8 19. Rc1 Rac8 20. Rc2 Qa5 21. Qd1 Ra8 22. h3 Ra7 23. d5 Nf8 24. d6 Bf6 25. c5 Nd7 26. Be3 Qb5 27. Bd4 Rd8 28. Bxf6 Nxf6 29. Ne5 Nd7 30. Nxf7 Kxf7 31. Qh5+ Kg8 32. Rxe6 Nf8 33. Re7 Ng6 34. Rce2 Raa8 35. Qf5 Qc4 1-0

[Event "Ship Pullmantur op 7th"]
[Site "Mar Mediterraneo"]
[Date "2018.09.18"]
[Round "5.3"]
[White "Castellon Baeza, Jose Felipe"]
[Black "Lozano Ruiz, David"]
[Result "0-1"]
[WhiteElo "1802"]
[BlackElo "1845"]
[PlyCount "126"]
[EventDate "2018.09.15"]
[EventType "swiss"]
[EventRounds "8"]
[EventCountry "ESP"]
[SourceTitle "EXT 2024"]
[Source "ChessBase"]
[SourceDate "2023.10.10"]
[SourceVersion "1"]
[SourceVersionDate "2023.10.10"]
[SourceQuality "1"]

1. d4 d5 2. c4 c6 3. Nc3 Nf6 4. Nf3 e6 5. e3 Nbd7 6. Bd3 dxc4 7. Bxc4 b5 8. Bd3 Bb7 9. a3 Bd6 10. e4 e5 11. h3 a6 12. b4 exd4 13. Nxd4 Be5 14. Nde2 c5 15. Bf4 c4 16. Bc2 Qb6 17. Bxe5 Nxe5 18. Qd4 Qxd4 19. Nxd4 Nc6 20. 0-0-0 Rd8 21. Nf5 Kf8 22. f4 g6 23. Rxd8+ Nxd8 24. Nd6 Bc6 25. Rd1 Kg7 26. e5 Nh5 27. g3 Nxg3 28. Rg1 Nh5 29. f5 Rf8 30. Be4 Nf4 31. h4 Bxe4 32. Ndxe4 Nd3+ 33. Kd2 Nxe5 34. Ke3 Nb7 35. Ng5 Re8 36. Kf4 h6 37. Nge4 h5 38. Nd5 Nd3+ 39. Kf3 Re5 40. f6+ Kf8 41. Ne7 Ke8 42. Nc6 Rf5+ 43. Ke3 Rf4 44. Nb8 Rxh4 45. Nxa6 Rh3+ 46. Kd2 Kd7 47. Ng5 Rh2+ 48. Kc3 Nd6 49. Rd1 Rg2 50. Nc5+ Kc6 51. Nf3 Nxc5 52. Ne5+ Kc7 53. bxc5 Ne4+ 54. Kb4 Rb2+ 55. Ka5 Nxc5 56. Nxf7 Ne4 57. Rf1 Rf2 58. Rxf2 Nxf2 59. Ne5 Kd8 60. Kxb5 c3 61. Nc6+ Ke8 62. Nd4 h4 63. Kc4 h3 0-1

[Event "Ship Pullmantur op 7th"]
[Site "Mar Mediterraneo"]
[Date "2018.09.16"]
[Round "2.3"]
[White "Lozano Ruiz, David"]
[Black "Lain Moreno, Juan Carlos"]
[Result "0-1"]
[WhiteElo "1845"]
[BlackElo "1982"]
[PlyCount "62"]
[EventDate "2018.09.15"]
[EventType "swiss"]
[EventRounds "8"]
[EventCountry "ESP"]
[SourceTitle "EXT 2024"]
[Source "ChessBase"]
[SourceDate "2023.10.10"]
[SourceVersion "1"]
[SourceVersionDate "2023.10.10"]
[SourceQuality "1"]

1. d4 c5 2. d5 Nf6 3. c4 b5 4. cxb5 a6 5. f3 g6 6. e4 d6 7. Na3 Bg7 8. Ne2 0-0 9. Nc3 e6 10. Bc4 exd5 11. Nxd5 axb5 12. Nxb5 Nxd5 13. Qxd5 Ra6 14. Qd3 Nd7 15. f4 Nb6 16. Bb3 c4 17. Bxc4 Nxc4 18. Qxc4 Be6 19. Qd3 Ra4 20. Nc3 Bxc3+ 21. Qxc3 Rxe4+ 22. Kf2 Rc4 23. Qe3 Bf5 24. Re1 Re4 25. Qc3 Rxe1 26. Qxe1 Qh4+ 27. Ke2 Re8+ 28. Be3 Qxf4 29. Qf2 Qc4+ 30. Kd1 Qd3+ 31. Qd2 Bg4+ 0-1

[Event "Ship Pullmantur op 7th"]
[Site "Mar Mediterraneo"]
[Date "2018.09.16"]
[Round "3.6"]
[White "Lucena Cifre, Rafael"]
[Black "Lozano Ruiz, David"]
[Result "0-1"]
[WhiteElo "1473"]
[BlackElo "1845"]
[PlyCount "112"]
[EventDate "2018.09.15"]
[EventType "swiss"]
[EventRounds "8"]
[EventCountry "ESP"]
[SourceTitle "EXT 2024"]
[Source "ChessBase"]
[SourceDate "2023.10.10"]
[SourceVersion "1"]
[SourceVersionDate "2023.10.10"]
[SourceQuality "1"]

1. e4 d5 2. exd5 Nf6 3. Nf3 Bg4 4. Be2 Qxd5 5. Nc3 Qh5 6. b3 Nc6 7. Bb2 0-0-0 8. d3 e5 9. Qc1 Nd4 10. Nxd4 exd4 11. Bxg4+ Qxg4 12. Ne2 Qxg2 13. Rf1 Bc5 14. Qf4 Rhe8 15. Qf5+ Kb8 16. Qxc5 Rd5 17. Qb4 Rde5 18. 0-0-0 Rxe2 19. Bxd4 Qc6 20. Qc5 Qxc5 21. Bxc5 Nd5 22. Bd4 g6 23. Rd2 R2e6 24. Kb2 Ne7 25. Be3 Nd5 26. Bd4 b6 27. f4 Re2 28. Kc1 Re1+ 29. Rd1 Rxf1 30. Rxf1 Re2 31. f5 g5 32. Rf2 Re8 33. Rg2 Nf4 34. Rg4 h5 35. Rxg5 Ne2+ 36. Kd2 Nxd4 37. Rxh5 Kc8 38. f6 Re6 39. Kc3 Ne2+ 40. Kd2 Nf4 41. Rf5 Ng6 42. a4 a5 43. c4 Nf8 44. c5 Nd7 45. d4 Rxf6 46. Rxf6 Nxf6 47. h4 bxc5 48. dxc5 Ne4+ 49. Kc2 Nxc5 50. h5 Ne6 51. h6 Nf8 52. Kd3 Kd7 53. Kd4 Kd6 54. Kc4 Kc6 55. Kd4 Nh7 56. Ke5 Kc5 0-1

[Event "Barcelona Sant Marti op-B 20th"]
[Site "Barcelona"]
[Date "2018.07.20"]
[Round "8"]
[White "Lozano Ruiz, David"]
[Black "Minos Constante, Pablo"]
[Result "1/2-1/2"]
[WhiteElo "1869"]
[BlackElo "1781"]
[PlyCount "98"]
[EventDate "2018.07.13"]
[EventType "swiss"]
[EventRounds "9"]
[EventCountry "ESP"]
[SourceTitle "EXT 2019"]
[Source "ChessBase"]
[SourceDate "2018.10.10"]
[SourceVersion "1"]
[SourceVersionDate "2018.10.10"]
[SourceQuality "1"]

1. c4 g6 2. g3 Bg7 3. Bg2 d6 4. Nc3 e5 5. e4 Ne7 6. Nge2 Nbc6 7. d3 0-0 8. 0-0 Bg4 9. f3 Be6 10. Nd5 Rc8 11. Be3 Qd7 12. d4 exd4 13. Nxd4 Ne5 14. Rc1 c6 15. Nxe6 fxe6 16. Nf4 Nf7 17. Nd3 e5 18. Nc5 Qd8 19. Ne6 Qd7 20. Nxf8 Rxf8 21. Rc2 b6 22. Qe2 c5 23. a3 Nc6 24. Qd2 a5 25. Rcc1 Qe6 26. Qd5 Qxd5 27. cxd5 Nd4 28. Bxd4 exd4 29. Rcd1 Ne5 30. Rc1 Bh6 31. f4 Ng4 32. Bh3 Ne3 33. Be6+ Kg7 34. Rf2 g5 35. f5 g4 36. Re1 Kf6 37. Bd7 Ke5 38. f6 Rxf6 39. Rxf6 Kxf6 40. Kf2 Bg5 41. Ke2 h6 42. a4 c4 43. Kf2 Ke5 44. Bb5 d3 45. Rxe3 d2 46. Re1 dxe1Q+ 47. Kxe1 Kxe4 48. Bxc4 Be3 49. Kf1 Bd4 1/2-1/2

[Event "Barcelona Sant Marti op-B 20th"]
[Site "Barcelona"]
[Date "2018.07.16"]
[Round "4"]
[White "Lozano Ruiz, David"]
[Black "Esteban Lupianez, Jose Miguel"]
[Result "1-0"]
[WhiteElo "1869"]
[BlackElo "1735"]
[PlyCount "65"]
[EventDate "2018.07.13"]
[EventType "swiss"]
[EventRounds "9"]
[EventCountry "ESP"]
[SourceTitle "EXT 2019"]
[Source "ChessBase"]
[SourceDate "2018.10.10"]
[SourceVersion "1"]
[SourceVersionDate "2018.10.10"]
[SourceQuality "1"]

1. c4 Nf6 2. g3 g6 3. Bg2 c6 4. Nc3 Bg7 5. e4 d6 6. d4 0-0 7. Nge2 Bg4 8. f3 Be6 9. b3 Qd7 10. Nf4 Na6 11. 0-0 Qc8 12. Nxe6 Qxe6 13. Be3 Qd7 14. Rc1 Rac8 15. Qe2 Qc7 16. f4 e6 17. f5 exf5 18. exf5 Rce8 19. Qf3 Ng4 20. Qxg4 Rxe3 21. Qf4 Ree8 22. f6 Bh8 23. g4 Re6 24. g5 Nb4 25. Nd5 Nd3 26. Nxc7 Nxf4 27. Nxe6 Nxe6 28. h4 Nxd4 29. Rce1 Ne6 30. Bh3 Re8 31. Bxe6 Rxe6 32. Rxe6 fxe6 33. Rd1 1-0

[Event "Barcelona Sant Marti op 7th"]
[Site "Barcelona"]
[Date "2018.02.01"]
[Round "4"]
[White "Lozano Ruiz, David"]
[Black "Vallbona Domingo, Joan"]
[Result "0-1"]
[WhiteElo "1839"]
[BlackElo "2003"]
[PlyCount "162"]
[EventDate "2018.01.11"]
[EventType "swiss"]
[EventRounds "9"]
[EventCountry "ESP"]
[SourceTitle "EXT 2019"]
[Source "ChessBase"]
[SourceDate "2018.10.10"]
[SourceVersion "1"]
[SourceVersionDate "2018.10.10"]
[SourceQuality "1"]

1. c4 Nf6 2. g3 c5 3. Bg2 d5 4. cxd5 Nxd5 5. Nc3 Nc7 6. Nf3 Nc6 7. 0-0 g6 8. Ne1 Bg7 9. Nd3 c4 10. Nf4 e5 11. Nfd5 Be6 12. Ne3 0-0 13. Qa4 Rc8 14. Bxc6 bxc6 15. Qxa7 Qd4 16. Qa4 Nd5 17. Qc2 f5 18. Rd1 e4 19. Nexd5 cxd5 20. d3 exd3 21. exd3 Qa7 22. Ne2 d4 23. Nf4 Bf7 24. Re1 Qa6 25. dxc4 Bxc4 26. Qd2 Rfd8 27. b4 Qc6 28. Bb2 Bh6 29. Rac1 Qd7 30. a3 Qf7 31. Re5 Bg7 32. Ree1 Bf6 33. Nd3 Qd5 34. f4 Qf3 35. Ne5 Bxe5 36. Rxe5 Bd5 37. Rxd5 Rxc1+ 38. Qxc1 Qxd5 39. Qd2 Rd7 40. a4 Kf7 41. a5 Qc4 42. Kf2 d3 43. Be5 Rd5 44. Ke3 g5 45. Bc3 g4 46. Qb2 Qe4+ 47. Kd2 Qg2+ 48. Kd1 Qh1+ 49. Kd2 Qxh2+ 50. Kd1 Qh1+ 51. Kd2 Qg2+ 52. Kd1 Qxg3 53. a6 Qxf4 54. Qa2 Qf3+ 55. Kc1 Qf4+ 56. Bd2 Qc7+ 57. Kd1 Qc2+ 58. Qxc2 dxc2+ 59. Kxc2 g3 60. a7 Rd8 61. Be3 Ke6 62. b5 Kd5 63. Kc3 h5 64. Bf4 Ra8 65. b6 Kc6 66. Bxg3 Kxb6 67. Bf2+ Kb7 68. Kd3 Re8 69. Kd2 Re4 70. Kd3 h4 71. Bg1 h3 72. Kd2 Ra4 73. Ke3 Kxa7 74. Kf3+ Kb7 75. Kg3 Rg4+ 76. Kh2 Rg2+ 77. Kh1 Ra2 78. Be3 Kc6 79. Bf4 Kd5 80. Kg1 Ke4 81. Bg3 Rg2+ 0-1

[Event "Barcelona Sant Marti op 7th"]
[Site "Barcelona"]
[Date "2018.01.18"]
[Round "2"]
[White "Lozano Ruiz, David"]
[Black "Godesard Forgas, Carles"]
[Result "1/2-1/2"]
[WhiteElo "1839"]
[BlackElo "2033"]
[PlyCount "38"]
[EventDate "2018.01.11"]
[EventType "swiss"]
[EventRounds "9"]
[EventCountry "ESP"]
[SourceTitle "EXT 2019"]
[Source "ChessBase"]
[SourceDate "2018.10.10"]
[SourceVersion "1"]
[SourceVersionDate "2018.10.10"]
[SourceQuality "1"]

1. c4 c5 2. Nc3 Nf6 3. g3 d5 4. cxd5 Nxd5 5. Bg2 Nc7 6. Nf3 Nc6 7. 0-0 e5 8. d3 Be7 9. Bd2 Be6 10. Qc1 f6 11. Ne1 0-0 12. Nc2 Qd7 13. Rb1 Nd4 14. b3 Nd5 15. Nxd4 Nxc3 16. Qxc3 cxd4 17. Qb2 Bd6 18. a3 Rac8 19. Rfc1 Be7 1/2-1/2

[Event "Barcelona Sant Marti op 7th"]
[Site "Barcelona"]
[Date "2018.01.11"]
[Round "1"]
[White "Menbrive Hernandez, Juan"]
[Black "Lozano Ruiz, David"]
[Result "0-1"]
[WhiteElo "1333"]
[BlackElo "1839"]
[PlyCount "88"]
[EventDate "2018.01.11"]
[EventType "swiss"]
[EventRounds "9"]
[EventCountry "ESP"]
[SourceTitle "EXT 2019"]
[Source "ChessBase"]
[SourceDate "2018.10.10"]
[SourceVersion "1"]
[SourceVersionDate "2018.10.10"]
[SourceQuality "1"]

1. d4 e6 2. Nf3 f5 3. Nc3 Nf6 4. Bf4 Bb4 5. a3 Bxc3+ 6. bxc3 0-0 7. e3 Ne4 8. Nd2 Nxc3 9. Qf3 Nd5 10. Qg3 Nxf4 11. Qxf4 d6 12. Bd3 Nd7 13. 0-0 Nf6 14. e4 Qe7 15. exf5 exf5 16. Bc4+ d5 17. Bd3 Qf7 18. c4 c6 19. Rfe1 Ne4 20. Nf3 Qf6 21. Re3 Be6 22. Ne5 g5 23. Qf3 Nd2 24. Qd1 Nxc4 25. Bxc4 dxc4 26. Qh5 Bf7 27. Nxf7 Rxf7 28. Rae1 Qg6 29. Qe2 b5 30. Re6 Rf6 31. Re7 Rd8 32. Qe5 Rd5 33. Qb8+ Rf8 34. Qxa7 Rf7 35. Re8+ Kg7 36. Qb8 Kh6 37. R1e6 Rf6 38. Qc8 Rd6 39. Re3 Rxd4 40. Rh3+ Rh4 41. Rxh4+ gxh4 42. Qd8 Kh5 43. Rg8 Rd6 44. Rxg6 Rxd8 0-1

[Event "Crucero op 6th"]
[Site "Crucero"]
[Date "2017.10.29"]
[Round "2.1"]
[White "Lozano Ruiz, David"]
[Black "Penas Fuster, Jaime"]
[Result "0-1"]
[WhiteElo "1819"]
[BlackElo "1959"]
[PlyCount "70"]
[EventDate "2017.10.28"]
[EventType "swiss"]
[EventRounds "8"]
[EventCountry "ESP"]
[SourceTitle "EXT 2024"]
[Source "ChessBase"]
[SourceDate "2023.10.10"]
[SourceVersion "1"]
[SourceVersionDate "2023.10.10"]
[SourceQuality "1"]

1. c4 e5 2. g3 Nf6 3. Bg2 Nc6 4. Nc3 Bc5 5. Nf3 0-0 6. 0-0 d5 7. cxd5 Nxd5 8. Nxe5 Nxc3 9. bxc3 Nxe5 10. d4 Bd6 11. dxe5 Bxe5 12. Qc2 Qe7 13. Be3 Re8 14. Rab1 c6 15. Rb4 Qc7 16. Rfb1 b6 17. a4 g6 18. Rd1 Bf5 19. Qb2 Rad8 20. Rc1 c5 21. Rb3 Be6 22. Ra3 Bc4 23. Raa1 Rd7 24. Rd1 Red8 25. Rxd7 Rxd7 26. a5 b5 27. Bf3 b4 28. Qc2 Bxc3 29. Bf4 Qd8 30. Ra4 Bb5 31. Ra2 c4 32. Bh6 Bf6 33. Qe4 b3 34. Ra3 b2 35. e3 Bc6 0-1

[Event "Barcelona Sant Marti op-B 19th"]
[Site "Barcelona"]
[Date "2017.07.17"]
[Round "5"]
[White "Serentill Tost, Eduard"]
[Black "Lozano Ruiz, David"]
[Result "0-1"]
[WhiteElo "1639"]
[BlackElo "1844"]
[PlyCount "84"]
[EventDate "2017.07.13"]
[EventType "swiss"]
[EventRounds "9"]
[EventCountry "ESP"]
[SourceTitle "EXT 2018"]
[Source "ChessBase"]
[SourceDate "2017.10.13"]
[SourceVersion "1"]
[SourceVersionDate "2017.10.13"]
[SourceQuality "1"]

1. e4 e6 2. d4 d5 3. Nc3 Nf6 4. Bg5 dxe4 5. Nxe4 Be7 6. Nxf6+ Bxf6 7. Bxf6 Qxf6 8. Nf3 0-0 9. Bd3 c5 10. 0-0 Nc6 11. c3 cxd4 12. cxd4 Rd8 13. Qc2 g6 14. Rad1 Nb4 15. Qc4 Nxd3 16. Rxd3 b6 17. Rfd1 Bb7 18. Qc3 Rac8 19. Qa3 Bxf3 20. Rxf3 Qxd4 21. Re1 Rc1 22. Rfe3 Qd2 23. Kf1 Rxe1+ 24. Rxe1 Qd3+ 25. Qxd3 Rxd3 26. Re2 Rd1+ 27. Re1 Rxe1+ 28. Kxe1 Kf8 29. Kd2 Ke7 30. Kd3 Kd6 31. Kd4 e5+ 32. Kc4 a6 33. a4 f5 34. f3 g5 35. g3 h5 36. h3 g4 37. hxg4 fxg4 38. fxg4 hxg4 39. b3 Kc6 40. b4 Kd6 41. b5 a5 42. Kd3 Kd5 0-1

[Event "Barcelona Paredes Memorial 19th"]
[Site "Barcelona"]
[Date "2017.05.20"]
[Round "5"]
[White "Catala Ulied, Guillem"]
[Black "Lozano Ruiz, David"]
[Result "0-1"]
[WhiteElo "1880"]
[BlackElo "1835"]
[PlyCount "74"]
[EventDate "2017.04.22"]
[EventType "swiss"]
[EventRounds "9"]
[EventCountry "ESP"]
[SourceTitle "EXT 2018"]
[Source "ChessBase"]
[SourceDate "2017.10.13"]
[SourceVersion "1"]
[SourceVersionDate "2017.10.13"]
[SourceQuality "1"]

1. e4 e6 2. d3 d5 3. Nd2 c5 4. Ngf3 Nc6 5. g3 Bd6 6. Bg2 Nge7 7. 0-0 0-0 8. Re1 Qc7 9. Qe2 f6 10. h4 Bd7 11. Nf1 d4 12. Bd2 e5 13. Red1 Bg4 14. N1h2 Bh5 15. Qe1 b5 16. Rdc1 Qd7 17. Qf1 Bf7 18. Ne1 c4 19. f4 Kh8 20. a3 Rac8 21. Bh3 Be6 22. f5 Bf7 23. Nef3 cxd3 24. cxd3 Nb8 25. Rxc8 Qxc8 26. Rc1 Qb7 27. g4 Na6 28. g5 b4 29. axb4 Bxb4 30. Bxb4 Nxb4 31. Ng4 Ng8 32. h5 Bxh5 33. Rd1 Nc2 34. Qf2 Bxg4 35. Qxc2 Bxf3 36. Rf1 Bh5 37. Qh2 Be8 0-1

[Event "Barcelona Paredes Memorial 19th"]
[Site "Barcelona"]
[Date "2017.05.13"]
[Round "4"]
[White "Lozano Ruiz, David"]
[Black "Povill Claros, Laura"]
[Result "0-1"]
[WhiteElo "1835"]
[BlackElo "1818"]
[PlyCount "102"]
[EventDate "2017.04.22"]
[EventType "swiss"]
[EventRounds "9"]
[EventCountry "ESP"]
[SourceTitle "EXT 2018"]
[Source "ChessBase"]
[SourceDate "2017.10.13"]
[SourceVersion "1"]
[SourceVersionDate "2017.10.13"]
[SourceQuality "1"]

1. c4 c5 2. g3 Nc6 3. Nc3 g6 4. Bg2 Bg7 5. Nf3 d6 6. 0-0 Nh6 7. e4 0-0 8. d3 Rb8 9. h3 f5 10. Ng5 Nf7 11. Rb1 e6 12. h4 Nfe5 13. a3 a6 14. Ne2 h6 15. Nh3 Qc7 16. b3 b5 17. Bf4 Ng4 18. f3 Nf6 19. Qd2 Kh7 20. Be3 Bb7 21. Nef4 Qd7 22. Rf2 Ne5 23. cxb5 axb5 24. d4 cxd4 25. Bxd4 Nxf3+ 26. Bxf3 e5 27. Bxe5 dxe5 28. Qxd7 Nxd7 29. Ne6 Rf6 30. Nxg7 Kxg7 31. exf5 Bxf3 32. Rxf3 gxf5 33. Rd3 Nb6 34. Rbd1 Rg6 35. Kf2 Rc8 36. Ng1 Rc2+ 37. R1d2 Rxd2+ 38. Rxd2 Rc6 39. Ne2 Kf7 40. Kf3 Kg6 41. g4 fxg4+ 42. Kxg4 Kf6 43. Kf3 Ke7 44. Ke4 Rc5 45. Rd3 Ke6 46. Nc3 Nd7 47. Rf3 Nf6+ 48. Rxf6+ Kxf6 49. Kd3 Kf5 50. b4 e4+ 51. Nxe4 Rd5+ 0-1

[Event "Barcelona Paredes Memorial 19th"]
[Site "Barcelona"]
[Date "2017.05.06"]
[Round "3"]
[White "Alvarez Albiol, Victor"]
[Black "Lozano Ruiz, David"]
[Result "0-1"]
[WhiteElo "2082"]
[BlackElo "1835"]
[PlyCount "164"]
[EventDate "2017.04.22"]
[EventType "swiss"]
[EventRounds "9"]
[EventCountry "ESP"]
[SourceTitle "EXT 2018"]
[Source "ChessBase"]
[SourceDate "2017.10.13"]
[SourceVersion "1"]
[SourceVersionDate "2017.10.13"]
[SourceQuality "1"]

1. e4 e6 2. d4 d5 3. Bd3 dxe4 4. Bxe4 Nf6 5. Bf3 c5 6. Ne2 Nc6 7. Be3 cxd4 8. Nxd4 Ne5 9. Nc3 Be7 10. Qe2 Nxf3+ 11. Qxf3 0-0 12. 0-0-0 Qa5 13. Nb3 Qc7 14. Nb5 Qb8 15. Bf4 e5 16. Qe2 Nd7 17. Rhe1 a6 18. Nc3 Re8 19. Kb1 Bb4 20. Qc4 Bxc3 21. Qxc3 f6 22. Qc4+ Kh8 23. Be3 Nf8 24. Nc5 b6 25. Ne4 Be6 26. Qc6 b5 27. Nd6 Re7 28. Bb6 Bd7 29. Qc7 Qxc7 30. Bxc7 Bg4 31. Rd4 Be6 32. Bd8 Rd7 33. Nf7+ Bxf7 34. Rxd7 Nxd7 35. Ba5 Nf8 36. Rd1 Ne6 37. c3 Nf4 38. g3 Bg6+ 39. Ka1 Nd3 40. Rd2 Re8 41. h4 h5 42. Bb6 e4 43. Be3 Rc8 44. Kb1 Kg8 45. Bd4 Kf7 46. Bb6 Ke6 47. Be3 b4 48. Bd4 bxc3 49. bxc3 Rb8+ 50. Ka1 Ne1 51. Re2 Nf3 52. Be3 Rd8 53. Kb2 Ne5 54. Bd4 Nd3+ 55. Ka1 Kf5 56. Rd2 Bf7 57. Be3 Rd5 58. Rc2 Nc5 59. Bd4 Nd3 60. Be3 Ra5 61. Re2 Bc4 62. Rc2 Bb3 63. Re2 Bd1 64. Rd2 Bb3 65. Re2 Bc4 66. Rc2 g5 67. Bd4 gxh4 68. gxh4 Ra4 69. Kb1 Ra5 70. Ka1 Rb5 71. Rd2 Rb7 72. a3 Rg7 73. Rd1 Rg4 74. Rh1 Rg2 75. Rf1 Rh2 76. f3 e3 77. Bxe3 Rxh4 78. Bd4 Rh2 79. Rg1 h4 80. Rf1 h3 81. f4 Re2 82. Rh1 Re1+ 0-1